00950 2200301 4500001002100000005001500021035002000036007000300056008004100059020001800100082001100118084001500129084001300144100002900157245011800186250001200304300003800316650003500354650004100389700003600430700003000466264005200496336002100548337003000569338002300599990001300622990001300635INLIS00000000111961120221102100041 a0010-1122000006ta221102 0 ind  a9786234804720 a025.04 aD PUST4425 aPUST44250 aEka KusmayadiePengarang1 aTeknologi Komunikasi dan Informasi :b1-9 / PUST4425 / 3 SKS /cEka Kusmayadi, Brillianing Pratiwi, Siti Samsiyah aedisi 3 a677 Halaman :bilustrasi ;c27 cm 4aTeknologi Komunikasi Informasi 4aInformation Communication Technology0 aBrillianing PratiwiePenyunting0 aSiti SamsiyahePenyunting aTangerang Selatan :bUniversitas Terbuka,c2022 2rdacontentaTeks 2rdamediaaTanpa Perantara 2rdacarrieraVolume a22/30374 a22/90388